[Event "Roncana op-C 9th"]
[Site "Santa Eulalia de Roncana"]
[Date "2015.10.17"]
[Round "2"]
[White "Richard Tomas, Julien"]
[Black "Gonzalez Mateo, Gerard"]
[Result "1-0"]
[WhiteElo "1463"]
[BlackElo "1696"]
[PlyCount "65"]
[EventDate "2015.10.03"]
[EventType "swiss"]
[EventRounds "8"]
[EventCountry "ESP"]
[SourceTitle "EXT 2017"]
[Source "ChessBase"]
[SourceDate "2016.10.25"]
[SourceVersion "1"]
[SourceVersionDate "2016.10.25"]
[SourceQuality "1"]

1. e4 e6 2. Nf3 Nf6 3. Nc3 Bc5 4. Bc4 c6 5. d4 Bb4 6. e5 Bxc3+ 7. bxc3 Ne4 8. 0-0 d5 9. Bd3 Nxc3 10. Qd2 Ne4 11. Qf4 0-0 12. Qg4 Nd7 13. Bh6 g6 14. h4 Re8 15. h5 Nf8 16. c4 b6 17. Nh4 g5 18. f3 f5 19. Qh3 gxh4 20. fxe4 dxc4 21. Bxc4 Qxd4+ 22. Kh1 Qxc4 23. exf5 Rd8 24. fxe6 Bxe6 25. Qf3 Qc5 26. Qf6 Rd7 27. Qg5+ Kh8 28. Rad1 Bd5 29. Rf4 Ne6 30. Qf6+ Kg8 31. Rg4+ Ng5 32. Rxg5+ Rg7 33. Qxg7# 1-0

[Event "Roncana op-C 8th"]
[Site "Santa Eulalia de Roncana"]
[Date "2014.11.01"]
[Round "3"]
[White "Mendez Lorca, Pol"]
[Black "Gonzalez Mateo, Gerard"]
[Result "1-0"]
[WhiteElo "1700"]
[BlackElo "1705"]
[PlyCount "95"]
[EventDate "2014.10.11"]
[EventType "swiss"]
[EventRounds "8"]
[EventCountry "ESP"]
[SourceTitle "EXT 2016"]
[Source "ChessBase"]
[SourceDate "2015.10.08"]
[SourceVersion "1"]
[SourceVersionDate "2015.10.08"]
[SourceQuality "1"]

1. e4 c6 2. Nf3 d5 3. d3 dxe4 4. dxe4 Nd7 5. Bc4 e6 6. Ng5 Qa5+ 7. Bd2 Bb4 8. c3 Bd6 9. Qh5 g6 10. b4 Qe5 11. f4 Qg7 12. Qd1 e5 13. Nxf7 b5 14. Nxh8 bxc4 15. fxe5 Bxe5 16. Na3 Nb6 17. 0-0 Qxh8 18. Qf3 Nf6 19. Bg5 Qf8 20. Bxf6 Bxf6 21. Rad1 Bd7 22. e5 0-0-0 23. exf6 Re8 24. f7 h5 25. fxe8Q+ Qxe8 26. Rfe1 Qxe1+ 27. Rxe1 Bg4 28. Qf7 Nd7 29. Re8+ Kc7 30. Nb5+ Kb6 31. h3 Kxb5 32. hxg4 Nb6 33. Qxg6 hxg4 34. Qf5+ Ka4 35. Qc2+ Kb5 36. a4+ Nxa4 37. Rb8+ Nb6 38. Qa2 c5 39. Qa5+ Kc6 40. Qxc5+ Kd7 41. Rb7+ Ke6 42. Rxa7 Nd5 43. Ra6+ Ke5 44. Qd4+ Kf5 45. Qxd5+ Kf4 46. Re6 Kg3 47. Qe5+ Kh4 48. Rh6# 1-0